00758cam a2200193Li 450000500170000000800410001702000180005804000500007604100080012610000220013424500770015626000580023330000180029150400530030965000180036265000530038065000480043365000830048120140903175115.0140530s2008 xxu frb 001 0 eng d a9780393345223 aCO-BoUCMbspacJose A. GerenadJose A. Gerena1 aeng1 aCarr, Nicholas G.14aThe big switchbrewiring the world, from Edison to GooglecNicholas Carr aNueva York (Estados Unidos)bW. W. Norton & Co.c2008 a278 páginas aIncluye referencias bibliográficas e índices 7aCambio social 7aComputadores y civilizaciónxAspectos sociales 7aDesarrollo tecnológicoxAspectos sociales 7aTecnologías de la información y la comunicación. TICsxAspectos sociales